|
|
|
|
| LEADER |
00000cam a2200000 4500 |
| 001 |
vtls012137887 |
| 003 |
SK-MaSNL |
| 005 |
20260301055628.0 |
| 008 |
220603s2021 xo a a f 010 0 slo |
| 015 |
|
|
|a SNBA2022/12
|
| 020 |
|
|
|a 9788056708552
|q (viazané)
|
| 040 |
|
|
|a SNK
|b slo
|c SNK
|e rda
|
| 041 |
1 |
|
|a slo
|k eng
|h fre
|
| 044 |
|
|
|a xo
|c SK
|
| 072 |
|
7 |
|a 636
|x Chov zvierat. Živočíšna výroba
|2 konspekt
|
| 072 |
|
7 |
|a 0/9-053.2
|x Literatúra pre deti a mládež (náučná)
|2 konspekt
|
| 080 |
|
|
|a 636.1.046.2
|2 2011
|
| 080 |
|
|
|a 798
|2 2011
|
| 080 |
|
|
|a 636.088
|2 2011
|
| 080 |
|
|
|a (0.053.2)
|2 2011
|
| 080 |
|
|
|a (0.062)
|2 2011
|
| 080 |
|
|
|a (0.024.7)
|2 2011
|
| 100 |
1 |
|
|a Laboucarie, Sandra
|4 aut
|9 369552
|
| 240 |
1 |
3 |
|a Le grand livre animé des chevaux
|l Slovensky
|
| 245 |
1 |
0 |
|a Naj... kone v pohybe
|c Sandra Laboucarie ; ilustrácie Hélène Convert ; preklad Jitka Madarásová
|
| 246 |
3 |
0 |
|a Kone
|
| 250 |
|
|
|a Prvé slovenské vydanie
|
| 264 |
|
1 |
|a Bratislava
|b Svojtka & Co., s.r.o.
|c 2021
|
| 300 |
|
|
|a 18 nečíslovaných strán
|b farebné ilustrácie
|c 34 cm
|
| 336 |
|
|
|a text
|b txt
|2 rdacontent
|
| 336 |
|
|
|a statický obraz
|b sti
|2 rdacontent
|
| 337 |
|
|
|a bez média
|b n
|2 rdamedia
|
| 338 |
|
|
|a zväzok
|b nc
|2 rdacarrier
|
| 500 |
|
|
|a Kartónové listy s odklápacími okienkami a posuvnými prvkami
|
| 500 |
|
|
|a Na obale: Som ručne vyrobená, prosím zaobchádzaj so mnou pekne
|
| 500 |
|
|
|a Na obale: Viac ako 40 pohyblivých prvkov!
|
| 500 |
|
|
|a Preložené z anglického vydania francúzskeho originálu
|
| 521 |
8 |
|
|a Pre deti od 3 rokov
|
| 650 |
0 |
7 |
|a Horsemanship
|2 SNKPHeng
|9 270401
|
| 650 |
0 |
7 |
|a Animal training
|2 SNKPHeng
|9 332424
|
| 650 |
0 |
7 |
|a jazdecké kone
|2 SNKPH
|9 2807
|
| 650 |
0 |
7 |
|a jazdectvo
|2 SNKPH
|9 3225
|
| 650 |
0 |
7 |
|a výcvik zvierat
|2 SNKPH
|9 67537
|
| 650 |
0 |
7 |
|a Saddle horses
|2 SNKPHeng
|9 369553
|
| 655 |
|
7 |
|a publikácie pre deti
|2 SNKPH
|9 70148
|
| 655 |
|
7 |
|a Pop-up picture books
|2 SNKPHeng
|9 369554
|
| 655 |
|
7 |
|a Publications for children
|2 SNKPHeng
|9 276792
|
| 655 |
|
7 |
|a populárno-náučné publikácie
|2 SNKPH
|9 70460
|
| 655 |
|
7 |
|a priestorové publikácie
|2 SNKPH
|9 369555
|
| 655 |
|
7 |
|a Popular works
|2 SNKPHeng
|9 90287
|
| 700 |
1 |
|
|a Convert, Hélène
|4 ill
|9 369556
|
| 700 |
1 |
|
|a Madarásová, Jitka
|4 trl
|9 207448
|
| 765 |
0 |
8 |
|i Názov anglického prekladu:
|t Ultimate Book of Horses
|9 Slovensky
|
| 919 |
|
|
|a 978-80-567-0855-2
|
| 954 |
|
|
|a ilustrované knihy, leporelá, komiksy cudzojazyčné (svetové)
|2 lita
|
| 958 |
|
|
|a DB
|
| 968 |
|
|
|b FR
|
| 999 |
|
|
|c 613796
|d 615726
|
| 952 |
|
|
|a SNK
|b SNK
|y PREZ
|7 0
|p 17A1515057
|o snkOSB 20826
|i snk2022/16984
|8 0
|0 0
|1 0
|4 0
|d 2022-11-11
|l 0
|r 2026-02-23 16:31:06
|w 2026-02-23
|
| 952 |
|
|
|a SNK
|b SNK
|y PREZ
|7 0
|p 17A1515058
|o snkOSB 20826 D1
|i snk2022/16985
|8 0
|0 0
|1 0
|4 0
|d 2022-11-11
|l 0
|r 2026-02-23 16:31:06
|w 2026-02-23
|